Statistics for Every Football League Club From the East of England

Click here to take the quiz!

General Stats

  • This quiz has been taken 512 times
  • The average score is 7 of 9

Answer Stats

Clubs% Correct
Norwich City
99%
Ipswich Town
98%
Colchester United
87%
Cambridge United
84%
Peterborough United
80%
Southend United
73%
Luton Town
55%
Stevenage
42%
Watford
34%

Score Distribution

Percentile by Number Answered

Percent of People with Each Score

Your Score History

You have not taken this quiz